Statistics for Actors with most Best Actor nominations.

Click here to take the quiz!

General Stats

  • This quiz has been taken 31 times
  • The average score is 14 of 26

Answer Stats

NominationsActor% Correct
5Al Pacino
86%
7Dustin Hoffman
81%
8Jack Nicholson
81%
6Daniel Day-Lewis
76%
7Marlon Brando
76%
5Robert De Niro
76%
8Paul Newman
71%
5Tom Hanks
71%
9Laurence Olivier
67%
5Leonardo DiCaprio
67%
8Peter O'Toole
67%
5Sean Penn
62%
6Denzel Washington
57%
7Jack Lemmon
57%
5James Stewart
52%
6Richard Burton
52%
9Spencer Tracy
52%
5Gregory Peck
43%
4Michael Caine
43%
4Burt Lancaster
33%
5Gary Cooper
33%
5Fredric March
29%
4Warren Beatty
29%
5Paul Muni
14%
4Charles Boyer
10%
4Albert Finney
5%

Score Distribution

Percentile by Number Answered

Percent of People with Each Score

Your Score History

You have not taken this quiz